Piłkarski quiz narodowościowy! - Statystyki

Ogólne statystyki
  • Ten quiz został rozwiązany 80 razy
  • Średni wynik to 17 z 30
Statystyki odpowiedzi
Zawodnik Narodowość % Poprawnych
Pierre-Emile Höjbjerg Dania
88%
Dejan Kulusevski Szwecja
80%
Edouard Mendy Senegal
79%
Victor Osimhen Nigeria
78%
Ismaël Bennacer Algieria
76%
Felipe Caicedo Ekwador
71%
Thomas Partey Ghana
70%
Franck Kessié WKS
70%
Eljif Elmas Macedonia
67%
Jonny Evans Irlandia Północna
64%
Alexis Saelemaekers Belgia
63%
Merih Demiral Turcja
63%
Berat Djimsiti Albania
59%
Rade Krunic Bośnia
59%
Christian Fuchs Austria
58%
Cédric Soares Portugalia
58%
Matías Vecino Urugwaj
58%
Adam Marusic Czarnogóra
54%
Naby Keïta Gwinea
54%
Nampalys Mendy Francja
51%
Willy Boly WKS
50%
Jens Petter Hauge Norwegia
49%
Amad Diallo WKS
49%
Neco Williams Walia
45%
Amir Rrahmani Kosowo
43%
Amadou Diawara Gwinea
39%
Christian Kouamé WKS
39%
Marash Kumbulla Albania
38%
Japhet Tanganga Anglia
32%
Rayan Aït Nouri Francja
30%
Nie znaleziono quizów pasujących do podanych kryteriów
Rozkład punktacji
Procent ludzi z każdym wynikiem
Percentyl według liczby udzielonych odpowiedzi
Twoja historia wyników
Nie rozwiązałeś tego quizu